000 00604nam a22001817a 4500
005 20251108172148.0
008 250721s1991 xx 000 0 ara d
082 1 4 _a923.2/محم
100 1 _aالبدوي، أحمد محمد
_eمترجم
245 1 0 _aمحمد علي دوس :
_bحياة مواره في تاريخ العمل السياسي العربي الإفريقي /
264 1 _aالقاهرة :
_bمركز البحوث العربية،
_c1991.
300 _a176ص.
650 1 7 _aالتراجم
650 1 7 _aالسياسيون
650 1 7 _aمصر
942 _2ddc
_cBK
999 _c71987
_d71987